| 000 | 00836nam a2200241Ia 4500 | ||
|---|---|---|---|
| 008 | 191130s2001##################000#0#eng## | ||
| 020 | _a9781840646429 | ||
| 022 | _a65451 | ||
| 040 |
_aACL _cACL |
||
| 082 | _a338.9 KLU | ||
| 245 |
_aGrowth theory in historical perspective : selected essays of Theo van de Klundert _cTheo C. M. J. van de Klundert ; edited by Sjak Smulders |
||
| 260 |
_aCheltenham, UK ; Northampton, MA _bEdward Elgar _c2001 |
||
| 300 | _axxvi, 338 p. : ill. ; 24 cm | ||
| 500 | _aIncludes bibliographical references (p. 332-333) and index | ||
| 650 | _aEconomic development | ||
| 650 | _aEconomists - Netherlands | ||
| 650 | _aKlundert, Theo van de | ||
| 700 | _aKlundert, Theo van de | ||
| 700 | _aSmulders, Sjak | ||
| 990 | _a7aeb8a2eac10000c7e596a0f408d20e4 | ||
| 991 | _a189959 | ||
| 999 |
_c198826 _d198826 |
||